|
|
|
|
| LEADER |
01342nam a2200289 a 4500 |
| 001 |
GR-MES12667 |
| 008 |
070705s enk b 001 0 gre d |
| 020 |
|
|
|a 0521012627
|q paperback
|
| 020 |
|
|
|a 0521813174
|q hardback
|
| 040 |
|
|
|a GrPaTEI
|b gre
|c GR-PaULI
|
| 040 |
|
|
|a GrPaTEI
|b gre
|c GR-PaULI
|
| 082 |
|
0 |
|a 337.14
|2 21
|
| 100 |
1 |
|
|a Gillingham, John
|
| 245 |
1 |
0 |
|a European integration, 1950-2003 :
|b Superstate or new market economy? /
|c John Gllingham / John Gillingham.
|
| 260 |
|
|
|a Cambridge, New York :
|b Cambridge University Press,
|c 2003
|
| 300 |
|
|
|a xx
|a 588σ. ;
|c 20εκ.
|
| 504 |
|
|
|a Περιλαμβάνει βιβλιογραφίες και ευρετήριο.
|
| 651 |
|
0 |
|a Europe
|x Economic conditions
|
| 651 |
|
0 |
|a Europe
|x Economic integration
|
| 651 |
|
0 |
|a European
|x Economic community
|x History
|
| 651 |
|
4 |
|a Ευρωπαϊκή οικονομική ένωση
|x Ιστορία
|
| 651 |
|
4 |
|a ΕΥΡΩΠΗ
|x ΟΙΚΟΝΟΜΙΚΕΣ ΣΥΝΘΗΚΕΣ
|y 1945-
|
| 651 |
|
4 |
|a Ευρώπη
|x Οικονομική ενοποίηση
|
| 942 |
|
|
|2 ddc
|
| 952 |
|
|
|0 0
|1 0
|2 ddc
|4 0
|6 337_140000000000000_GIL
|7 0
|9 271242
|a MSLG
|b MSLG
|c BSC
|d 2021-01-17
|e 24
|f 0
|g 0.00
|l 0
|o 337.14 GIL
|p 2420000022026
|r 2021-01-17 00:00:00
|t 1
|w 2021-01-17
|y BK15
|x 20070705 0 ΤΣΑΝΤΑΡΛΙΩΤΗ 1
|x GrPaTEI
|
| 971 |
|
|
|a .b25787147
|b 08-10-20
|c 13-09-16
|
| 999 |
|
|
|c 156645
|d 156645
|